Сельскохозяйственныэ налогым изаконы ипроектыкIэ СССР-м и верховнэ советы ия IV-рэ внеочередной сессие докладэу къыщишIыгъэр | СССР-м и верховнэ советы ия IV-рэ внеочередной сессие сельскохозяйственнэ налогымкIэ законэу утвердить ышIыгъэр (Запись № 11981163)
[ простой вид ]
| 000 -МАРКЕР | |
|---|---|
| контрольное поле | 01383nam0a2200241 4500 |
| 001 - ИДЕНТИФИКАТОР ЗАПИСИ | |
| контрольное поле | RU\NLR\BIBL_A\011825108 |
| 005 - ИДЕНТИФИКАТОР ВЕРСИИ | |
| контрольное поле | 20250626135050.0 |
| 035 ## - ДРУГИЕ СИСТЕМНЫЕ НОМЕРА | |
| Идентификатор записи | (NLR Aleph) 011825108 |
| 100 ## - ДАННЫЕ ОБЩЕЙ ОБРАБОТКИ | |
| Данные общей обработки | 20181016d1939 |||y0rusy50 ca |
| 101 0# - ЯЗЫК РЕСУРСА | |
| Язык текста, звукозаписи и т.д. | адыгейский |
| 102 ## - СТРАНА ПУБЛИКАЦИИ ИЛИ ПРОИЗВОДСТВА | |
| Страна публикации | Российская Федерация |
| 105 ## - ПОЛЕ КОДИРОВАННЫХ ДАННЫХ: ТЕКСТОВЫЕ МАТЕРИАЛЫ, МОНОГРАФИЧЕСКИЕ | |
| Кодированные данные о монографическом текстовом документе | y z 000 y |
| 200 1# - ЗАГЛАВИЕ И СВЕДЕНИЯ ОБ ОТВЕТСТВЕННОСТИ | |
| Основное заглавие | Сельскохозяйственныэ налогым изаконы ипроектыкIэ СССР-м и верховнэ советы ия IV-рэ внеочередной сессие докладэу къыщишIыгъэр |
| -- | СССР-м и верховнэ советы ия IV-рэ внеочередной сессие сельскохозяйственнэ налогымкIэ законэу утвердить ышIыгъэр |
| Первые сведения об ответственности | А.Г. Зверев |
| Последующие сведения об ответственности | зэзыдзэкIыгъэхэр Шэуджен М., Джанчат М. |
| 210 ## - ПУБЛИКАЦИЯ, РАСПРОСТРАНЕНИЕ И ДР. | |
| Место издания, распространения и т.д. | Мыекъуапэ |
| Имя издателя, распространителя и т. д. | Адыгнациздат |
| Дата издания, распространения и т.д. | 1939 |
| 215 ## - ФИЗИЧЕСКАЯ ХАРАКТЕРИСТИКА | |
| Специфическое обозначение материала и объем | 33, [1] с. |
| Размеры | 13 |
| 541 1# - ПЕРЕВОД ЗАГЛАВИЯ, СДЕЛАННЫЙ КАТАЛОГИЗАТОРОМ | |
| Заглавие | О проекте закона о сельскохозяйственном налоге |
| -- | Закон о сельскохозяйственном налоге |
| Язык заглавия | русский |
| 700 #1 - ИМЯ ЛИЦА - ПЕРВИЧНАЯ ОТВЕТСТВЕННОСТЬ | |
| Начальный элемент ввода | Зверев |
| Часть имени, кроме начального элемента ввода | А. Г. |
| Даты | 1900-1969 |
| Расширение инициалов личного имени | Арсений Григорьевич |
| Код отношения | Автор |
| 852 ## - МЕСТОНАХОЖДЕНИЕ И ШИФР ХРАНЕНИЯ | |
| Идентификатор организации | NLR |
| Наименование фонда или коллекции (Sub-Location Identifier) | ОНЛ |
| Шифр хранения (Call Number) | Адыг./1-67 |
| 852 ## - МЕСТОНАХОЖДЕНИЕ И ШИФР ХРАНЕНИЯ | |
| Идентификатор организации | NLR |
| Наименование фонда или коллекции (Sub-Location Identifier) | ОНЛ |
| Шифр хранения (Call Number) | Адыг./1-67 |
| 942 ## - ДОПОЛНИТЕЛЬНЫЕ ЭЛЕМЕНТЫ ЗАПИСИ (АБИС) | |
| Тип экземпляра АБИС | Книга |
| 980 ## - КОЛЛЕКЦИЯ | |
| Название коллекции | Национальная библиография |
| Тип экземпляра | Дата поступления | Библиотека постоянного хранения | Библиотека текущего хранения | Место хранения | Шифр хранения | Штрих-код | Статус экземпляра |
|---|---|---|---|---|---|---|---|
| Книга | 16.10.2018 | РНБ (Московский) | РНБ (Московский) | Фонд национальных литератур | ОНЛ Адыг./1-67 | 1-2404635 | |
| Книга | 16.10.2018 | РНБ (Московский) | РНБ (Московский) | Фонд национальных литератур | ОНЛ Адыг./1-67 | 1-2404636 |